| 000 | 00377nam a2200169Ia 4500 | ||
|---|---|---|---|
| 005 | 20251020182527.0 | ||
| 008 | 200515s9999 xx 000 0 und d | ||
| 082 | _a693.22/S61 | ||
| 100 | _aSMITH, S. | ||
| 245 | 0 | _aLa obra de fábrica del ladrillo | |
| 260 | _aBarcelona | ||
| 260 | _c1976 | ||
| 500 | _a1 ejemplar | ||
| 650 | _aLADRILLOS | ||
| 650 | _aLIB | ||
| 942 | _cLIB | ||
| 999 |
_c1931 _d1931 |
||